000 00519cam a2200193 4500
001 D6911
008 090401t1978 xxu||||| |||| 00| 0 eng d
035 _a(Sirsi) u3881
041 _aeng
050 _a624.176
100 _aMainstone, R.J.
245 _aAccidental explosions and impacts: some lessons from recent incidents
260 _aGarston, Watford
_bBuilding Research Establishment
_c1978
300 _a23p. 30cm
350 _a0
490 _aBRE Current Paper
_v8/78
942 _n0
948 _c04/03/1997
999 _c85956
_d85956